000
00193nam a2200073Ia 4500
008
170817s9999 xx 000 0 und d
100
_a
RAO DIGUMARATI BHASKAR
245
0
_a
TEACHING READING CUCCESSFULLY
260
_b
D.P.H . PUB.
999
_c
36708
_d
36708